00353nam a2200109Ia 4500008004100000020001800041100001600059245009500075260002000170650001200190856004100202171212s9999 xx 000 0 und d a9781911576822 aCauser, Tim cCauser, TimaMemorandoms by James MartinbAn Astonishing Escape from Early New South Wales bUCL Pressc2017 aHistory uhttp://jstor.org/stable/j.ctt1qnw8mx